1343 1366 1061 1481 1442 1535 1313 1120 1912 1566 1344 1995 1599 1140 1982 1078 2000 1948 1814 1140 1574 1493 1945 1066 1356 1389 1628 1583 1427 1163 1039 1734 1686 1098 1110 1755 1915 1571 1862 1715 1271 1919 1488 1126 1224 1324 1531 1301 1740 1717 1639 1535 1719 1412 1744 1799 1231 1914 1219 1635 1330 1707 1016 1078 1408 1606 1266 1600 1246 1566 1138 1004 1082 1089 1960 1744 1683 1151 1458 1455 1025 1913 1202 1276 1524 1439 1206 1032 1361 1589 1846 1611 1784 1228 1993 1108 1745 1308 1534 BCNSPRNW ULIB Ver.6.0+V

เปลี่ยนเป็นภาษาไทย

Change to English
 แสดงรายละเอียดบรรณานุกรม
  กลับหน้าหลัก

Brief Record : Get Marc (ISO 2709) : E-mail record : QR code < ปิดหน้าต่าง
LEADER : 00000nam 2200000uu 4500
001    13399121492
003     ULIB
008    121121s2551||||th 000 0 tha d
020    ^a9789748466903
090    ^aนว.^bณ111ม
100    ^aณ.ณัฐวรา
110    ^aสถาพรบุ๊คส์
245    ^aมณีนพรัตน์ ตอน ปฐมบทแห่งมณีนพรัตน์/^cณ.ณัฐวรา
250    ^aพิมพ์ครั้งที่ 1
260    ^aนนทบุรี :^bสถาพรบุ๊คส์,^c2551
300    ^a320 หน้า
945    ^p200^l0^i15302
995    ^aวิภา
999    ^aใช้งานได้ทุกระบบ
รายการนี้ยังไม่มีแท็ก
คุณยังไม่ได้ล็อกอิน คุณสามารถมีกิจกรรมร่วมกับเว็บไซต์ได้ แต่ต้องล็อกอินก่อน ::
  ล็อกอิน

รายการสื่อสารสนเทศ

ลำดับที่ ประเภท เลขเรียก/บาร์โค้ด สถานที่ สถานะ
1. วิทยาศาสตร์การแพทย์ และสุขภาพ
วิทยาศาสตร์การแพทย์ และสุขภาพ
นว. ณ111ม  
  Barcode: 15302
ห้องสมุดวิทยาเขตสวรรค์ประชารักษ์
►นวนิยาย
บนชั้น
  ขอยืม

BibComment


ยังไม่เคยถูกคอมเมนท์

คอมเมนท์ทรัพยากรรายการนี้
  คอมเมนท์: มณีนพรัตน์ ตอน ป..


 Copyright 2026. Bcnsprnw @Library